|
|
|
|
| LEADER |
00000nam0a2200000 4500 |
| 001 |
123314 |
| 005 |
20231101215811.0 |
| 035 |
|
|
|a (RuTPU)RU\TPU\book\133491
|
| 090 |
|
|
|a 123314
|
| 100 |
|
|
|a 20071015d1979 m y0rusy50 ca
|
| 101 |
0 |
|
|a rus
|
| 102 |
|
|
|a UA
|
| 105 |
|
|
|a a j 001zy
|
| 200 |
1 |
|
|a Изучение спектрального прибора УМ-2
|e учебное пособие по лабораторной работе
|f О. М. Либина, Г. Д. Никишова
|g Харьковский авиационный институт
|
| 210 |
|
|
|a Харьков
|c Изд-во Харьковского авиационного ин-та
|d 1979
|
| 215 |
|
|
|a 18 с.
|c ил.
|
| 333 |
|
|
|a Исключено из фонда НТБ ТПУ
|
| 700 |
|
1 |
|a Либина
|b О. М.
|g Ольга Михайловна
|
| 701 |
|
1 |
|a Никишова
|b Г. Д.
|g Галина Дмитриевна
|
| 712 |
0 |
2 |
|a Харьковский авиационный институт
|9 24307
|
| 801 |
|
1 |
|a RU
|b 63413507
|c 20071015
|g PSBO
|
| 801 |
|
2 |
|a RU
|b 63413507
|c 20220131
|g PSBO
|
| 942 |
|
|
|c BK
|